000 00842cam a2200229 a 4500
001 000005729
005 20200929151748.0
008 820817s1982 ve a b 001 0 spa
040 _aDO-SdBNP
_cDLC
_dDLC
082 _a987.0641
_bC764, 1982.
100 1 _aSanin
_d1883-1973
_q(Alfredo Tarre Murzi)
_916202
245 1 0 _aLópez Contreras :
_bde la tiranía a la libertad /
_cSanin.
250 _a3a ed.
260 _aCaracas :
_bAteneo de Caracas,
_c1982.
300 _a429 p. :
_bil. ;
_c19 cm.
490 1 _aActualidad política
504 _aIncluye referencias bibliográficas y notas al pie de las páginas.
651 4 _aVenezuela
_xPolítica Y Gobierno
_y1935-1958.
_93993
600 1 4 _aLÓPEZ CONTRERAS
_q(LÓPEZ CONTRERAS, ELEAZAR),
_d1883-1973.
_916203
830 1 _aActualidad política
_916204
910 _aCatalogación por copia / LC
999 _c5525
_d5525